Професор дсн Кольо Атанасов Василев (Запис номер 332271)
[ съкратено ]
| 000 -Лидер | |
|---|---|
| Контролно поле с фиксирана дължина | nam a22 a 4500 |
| 003 - Код на организацията, давaща контролен номер | |
| Контролно поле | BLK |
| 005 - Дата и час на последна редакция | |
| Контролно поле | 20190708112120.0 |
| 008 - Елементи от данни с фиксирана дължина | |
| fixed length control field | 190708b bu ||||| |||| 00| 0 bu d |
| 040 ## - Източник на каталожния запис | |
| Идентификатор на билиотеката - собственик на записа | BLK |
| 041 ## - Код за език | |
| Код за езика на текст/звукозапис или на отделно заглавие | Български |
| Код за езика КДБФ | Български |
| 080 ## - УДК | |
| Текстов определител УДК | Селско стопанство. Горско стопанство. Лов. Рибно стопанство |
| УДК код - определител по УДК | 63 |
| УДК определител | (497.2)(092) |
| УДК - код + определител | 63(497.2)(092) |
| 080 ## - УДК | |
| Текстов определител УДК | Български агроном |
| УДК код - определител по УДК | 929 Василев, Кольо Атанасов |
| УДК - код + определител | 92 Василев, Кольо Атанасов |
| 100 ## - Редна дума - Автор | |
| R(LIN) | 298082 |
| Автор | Владимиров, Денчо |
| Авторска отговорност | първи автор |
| 139 ## - Редно поле | |
| Редна дума | Владимиров, Денчо |
| Авторски знак | Васи - В 24 |
| 245 ## - Сведения за заглавието | |
| Заглавие | Професор дсн Кольо Атанасов Василев |
| Редно поле (дума) | Денчо Владимиров |
| 260 ## - Област на издателските данни | |
| 9 (RLIN) | 212113 |
| Място на издаване, разпространение и проч. | Пловдив |
| Име на издателя, разпространителя и проч. | Център за евроинтеграция и култура към Висше у-ще Земед. колеж |
| Година на издаване | 2010 |
| Печатница | Пловдив : Блаком |
| Издателство - префикс ISBN | 978-954-9498- ; 954-91328- |
| 300 ## - Физическа характеристика | |
| Страници | 68 с. : с цв. ил., факс. |
| Размери/Мащаб | 23 см |
| 380 ## - Жанр | |
| Жанр | Селско стопанство |
| 490 ## - СЕРИИ (Колекции) | |
| 9 (RLIN) | 207177 |
| Име на серия | Видни български учени |
| ISSN | C625-4071 |
| 500 ## - Общи забележки | |
| Забележка | Учител по мъдрост, по лидерство, по човещина! / Димитър Димитров |
| 600 #0 - Име на лице, използвано като предмет | |
| 9 (RLIN) | 394814 |
| За него / За нея | Василев, Кольо Атанасов |
| 650 #0 - Допълнително описание по предмет – тема | |
| 9 (RLIN) | 394813 |
| Основно описание – тема или топоним | Кадри, селскостопански |
| 650 #0 - Допълнително описание по предмет – тема | |
| 9 (RLIN) | 269258 |
| Основно описание – тема или топоним | Селско стопанство - България |
| 653 #7 - Ключова дума – ненормативна | |
| 9 (RLIN) | 180423 |
| Ключова дума | агрономи |
| 653 #7 - Ключова дума – ненормативна | |
| 9 (RLIN) | 182720 |
| Ключова дума | български учени |
| 653 #7 - Ключова дума – ненормативна | |
| 9 (RLIN) | 194452 |
| Ключова дума | преподаватели |
| 852 ## - Местоположение | |
| Систематично-азбучна сигнатура | К 63(497.2)(092)/В 24 |
| 999 ## - СИСТЕМНИ КОНТРОЛНИ НОМЕРА | |
| Koha biblionumber | 332271 |
| Koha biblioitemnumber | 332271 |
| 942 ## - АРТИКУЛИ | |
| Вид на библиотечния материал | Книги |
| Скрит в OPAC | Не |
| 944 ## - СЪЗДАВАНЕ И РЕДАКЦИЯ на ЗАПИСА | |
| Създаване/Редакция | Създаване |
| Дата на регистрацията/редакция | 2019-07-08 |
| Служител, извършил регистрацията/редакцията | Геновева Генчева |
| Код за отписване | Код за изгубен артикул | Източник на класификационната схема | Код за повреда | Код за отдаване | Артикулен № | Име на библиотеката - собственик | Име на библиотеката, в която се намира в момента | Статус (Текущо местоположение) | Дата на вписване в системата | Местоположение - отдел | Цена в лева | Систематично азбучна сигнатура | Баркод | Цена в евро | Служебен тип на артикула |
|---|---|---|---|---|---|---|---|---|---|---|---|---|---|---|---|
| Не е изгубен | Universal Decimal Classification | Не е повреден | заемане за дома | 729932 | Регионална библиотека "Любен Каравелов" Русе | Регионална библиотека "Любен Каравелов" Русе | Краезнание | 2019-07-11 | Краезнание | 7.00 | К 63(497.2)(092)/В 24 | 120000833796 | 3.58 | Книги |